Islamic revival in British India : (Record no. 17666)

MARC details
000 -LEADER
fixed length control field 01011cam a2200301 a 4500
001 - CONTROL NUMBER
control field 1372053
003 - CONTROL NUMBER IDENTIFIER
control field BDDh-ASL
005 - DATE AND TIME OF LATEST TRANSACTION
control field 20231015025623.0
008 - FIXED-LENGTH DATA ELEMENTS--GENERAL INFORMATION
fixed length control field 811009s1982 njua b 001 0 eng
010 ## - LIBRARY OF CONGRESS CONTROL NUMBER
LC control number 81047934
020 ## - INTERNATIONAL STANDARD BOOK NUMBER
International Standard Book Number 069105343X :
Terms of availability $27.50
040 ## - CATALOGING SOURCE
Original cataloging agency DLC
Transcribing agency BDDh-ASL
Modifying agency BDDh-ASL
043 ## - GEOGRAPHIC AREA CODE
Geographic area code a-ii---
050 00 - LIBRARY OF CONGRESS CALL NUMBER
Classification number BP166.14.D4
Item number M47 1982
082 00 - DEWEY DECIMAL CLASSIFICATION NUMBER
Classification number 297.854
Item number MEI
100 1# - MAIN ENTRY--PERSONAL NAME
Personal name Metcalf, Barbara Daly,
Dates associated with a name 1941-
245 10 - TITLE STATEMENT
Title Islamic revival in British India :
Remainder of title Deoband, 1860-1900 /
Statement of responsibility, etc. Barbara Daly Metcalf.
260 ## - PUBLICATION, DISTRIBUTION, ETC.
Place of publication, distribution, etc. Princeton, N.J. :
Name of publisher, distributor, etc. Princeton University Press,
Date of publication, distribution, etc. c1982.
300 ## - PHYSICAL DESCRIPTION
Extent xiv, 386 p. :
Other physical details ill. ;
Dimensions 23 cm.
500 ## - GENERAL NOTE
General note Includes index.
504 ## - BIBLIOGRAPHY, ETC. NOTE
Bibliography, etc. note Bibliography: p. 369-376.
650 #0 - SUBJECT ADDED ENTRY--TOPICAL TERM
Topical term or geographic name entry element Deoband School (Islam)
650 #0 - SUBJECT ADDED ENTRY--TOPICAL TERM
Topical term or geographic name entry element Islam
Geographic subdivision India
General subdivision History.
651 #0 - SUBJECT ADDED ENTRY--GEOGRAPHIC NAME
Geographic name Deoband (India)
General subdivision Religion.
856 42 - ELECTRONIC LOCATION AND ACCESS
Materials specified Publisher description
Uniform Resource Identifier <a href="http://www.loc.gov/catdir/enhancements/fy1409/81047934-d.html">http://www.loc.gov/catdir/enhancements/fy1409/81047934-d.html</a>
906 ## - LOCAL DATA ELEMENT F, LDF (RLIN)
a 7
b cbc
c orignew
d 1
e ocip
f 19
g y-gencatlg
942 ## - ADDED ENTRY ELEMENTS (KOHA)
Source of classification or shelving scheme Dewey Decimal Classification
Koha item type Books
Holdings
Withdrawn status Lost status Source of classification or shelving scheme Damaged status Not for loan Collection code Home library Current library Shelving location Date acquired Source of acquisition Total Checkouts Full call number Barcode Date last seen Copy number Price effective from Koha item type Public note
    Dewey Decimal Classification   Not For Loan Non-fiction Asiatic Society Library Asiatic Society Library Harrison Collection 02/05/2020 Donated by Prof. John B. Harrison   297.854 MEI 100807 07/24/2017 C-1 07/24/2017 Books RARE
    Dewey Decimal Classification   Not For Loan Non-fiction Asiatic Society Library Asiatic Society Library Ludden Collection 12/13/2020 Donated by Prof. David Ludden   297.854 MEI 102929 12/13/2020 C-2 12/13/2020 Books RARE
    Dewey Decimal Classification     Non-fiction Asiatic Society Library Asiatic Society Library Harrison Collection 04/20/2022 Donated by Prof. John B. Harrison   297.854 MEI 116501 04/20/2022 C-3 04/20/2022 Books RARE

Powered by Koha